Export policy (Record no. 497973)
[ view plain ]
| 000 -LEADER | |
|---|---|
| fixed length control field | 00349cam a22001097a 4500 |
| 008 - FIXED-LENGTH DATA ELEMENTS--GENERAL INFORMATION | |
| fixed length control field | 180718b xxu||||| |||| 00| 0 eng d |
| 082 ## - DEWEY DECIMAL CLASSIFICATION NUMBER | |
| Classification number | T394x54 In2ex |
| 245 ## - TITLE STATEMENT | |
| Title | Export policy |
| Statement of responsibility, etc. | by Department of Commerce, India |
| 260 ## - PUBLICATION, DISTRIBUTION, ETC. | |
| Place of publication, distribution, etc. | New Delhi |
| Name of publisher, distributor, etc. | Government of India |
| Date of publication, distribution, etc. | |
| 500 ## - GENERAL NOTE | |
| General note | Contents: Library has 1978-79, 1980-82 |
| 700 ## - ADDED ENTRY--PERSONAL NAME | |
| Personal name | India. Department of Commerce |
| Withdrawn status | Lost status | Damaged status | Not for loan | Permanent Location | Current Location | Date acquired | Full call number | Barcode | Date last seen | Price effective from | Koha item type |
|---|---|---|---|---|---|---|---|---|---|---|---|
| Indian Institute of Public Administration | Indian Institute of Public Administration | 2018-08-04 | T394x54 In2ex | G15316 | 2018-08-04 | 2018-08-04 | G | ||||
| Indian Institute of Public Administration | Indian Institute of Public Administration | 2018-08-04 | T394x54 In2ex | G15152 | 2018-08-04 | 2018-08-04 | G | ||||
| Indian Institute of Public Administration | Indian Institute of Public Administration | 2018-08-04 | T394x54 In2ex | G14412 | 2018-08-04 | 2018-08-04 | G |
